Movies Quiz

Random Movies or Actor Quiz
Score 0/20 Timer 05:00
5 Plays Today
% Correct
Daniel Hillard
(Euphegenia Doubtfire)
97.5%
Genie
96.6%
Lovelace
96.4%
Popeye
95.6%
Theodore Roosevelt
93.8%
Adrian Cronauer
92.4%
John Keating
91.1%
Sean Maguire
88%
Andrew Martin
87.6%
Hunter 'Patch' Adams
87.4%
% Correct
Peter Banning
87.1%
Philip Brainard
85.5%
Alan Parrish
83.3%
Dwight Eisenhower
82.7%
Sy Parrish
82.5%
Armand Goldman
82%
Fender Pinwheeler
81.8%
Batty Koda
79.9%
Chris Nielsen
75.5%
Henry 'Parry' Sagan
71.6%
Remove Ads.
Support Sporcle.
Get the best of Sporcle when you Go Orange. This ad-free experience offers more features, more stats, and more fun while also helping to support Sporcle. Thank you for becoming a member.

You're not logged in!

Compare scores with friends on all Sporcle quizzes.
OR
Log In

Sporcle TV

Today on Sporcle TV


Watch our educational content, quiz creation guides, and fun videos on Sporcle TV.

Show Comments

Extras

Top Quizzes Today


Score Distribution

Paid Content

Your Account Isn't Verified!

In order to create a playlist on Sporcle, you need to verify the email address you used during registration. Go to your Sporcle Settings to finish the process.

Report this User

Report this user for behavior that violates our Community Guidelines.

Details: